Breve historia de América

Guardat en:
Dades bibliogràfiques
Autor principal: Pereyra, Carlos (Autor)
Format: Llibre
Idioma:espanyol
Publicat: Santiago Letras 1938
Matèries:
Etiquetes: Afegir etiqueta
Sense etiquetes, Sigues el primer a etiquetar aquest registre!

MARC

LEADER 00000nam a2200000 a 4500
001 UCO2881
003 CL-VaPUC
008 000608e19380000CL |||||||||||||||||spa|d
082 0 4 |a 980  |b PER  |2 21 
100 0 |a Pereyra, Carlos  |e author  |9 446224 
245 1 0 |a Breve historia de América 
300 |a v 
942 |c BK 
945 |d 20000608 00:00:00  |a rherrera 
260 |a Santiago  |b Letras  |c 1938 
650 0 |a Historia de América  |9 266076 
650 0 |a Pueblos de América  |9 446252 
650 0 |a América Precolombina  |9 446253 
650 0 |a América colonial  |9 446254 
650 0 |a Independencia Americana  |9 395691 
650 0 |a Constituciones  |9 255417 
650 7 |a GOBIERNOS  |2 CL-VaPUC  |9 376544 
651 0 |a América  |9 255182 
583 |a last modification  |c 20000608 00:00:00  |k Rodrigo Vera 
999 |c 289373  |d 289371 
952 |0 0  |1 0  |4 0  |6 980_000000000000000_PER_1938  |7 0  |8 X  |9 337713  |a BIBHIS  |b BIBHIS  |d 2019-11-20  |h v.2  |i 1288598  |o 980 PER 1938  |p 1288598  |r 2024-01-30  |w 2019-11-20  |y BK_X  |k HIS